1880 1504 1846 1270 1253 1575 1962 1336 1678 1816 1579 1471 1782 1292 1515 1944 1352 1380 1892 1552 1466 1151 1811 1099 1769 1594 1752 1543 1252 1407 1851 1161 1798 1400 1191 1835 1080 1084 1474 1380 1099 1591 1038 1386 1969 1058 1144 1022 1762 1632 1376 1610 1453 1348 1878 1170 1703 1829 1896 1032 1007 1685 1311 1093 1131 1026 1192 1965 1330 1573 1040 1184 1505 1484 1228 1266 1608 1387 1658 1993 1206 1296 1655 1043 1573 1192 1359 1356 1391 1266 1357 1855 1482 1885 1723 1930 1897 1328 1486 BCNSPRNW ULIB Ver.6.0+V

เปลี่ยนเป็นภาษาไทย

Change to English
 แสดงรายละเอียดบรรณานุกรม
  กลับหน้าหลัก

Brief Record : Get Marc (ISO 2709) : E-mail record : QR code < ปิดหน้าต่าง
LEADER : 00000nam 2200000uu 4500
001    13399127410
003     ULIB
008    200519s2562||||th 000 0 tha d
020    ^a9786164858718
050  4 ^aPE1114^bณ339I
100 0  ^aณัฐพนธ์ เมธาภาคย์
245 10 ^aIntensive CU-TEP /^cMr. Buff & Ms. Aood ; จัดพิมพ์โดย ณัฐพนธ์เมธาภาคย์
246 30 ^aCU-TEP
250    ^aพิมพ์ครั้งที่ 1
260    ^aกรุงเทพฯ :^bแอคทีฟ พริ้นท์,^c2562
300    ^a362 หน้า ;^c26 ซม.
520    ^aสรุปเนื้อหาและเทคนิคในการทำข้อสอบทุกพาร์ท พร้อมแนวข้อสอบ CU-TEPและเฉลยอย่างละเอียด เพิ่มความมั่นใจก่อนสอบ CU-TEP
650  4 ^aภาษาอังกฤษ^xข้อสอบและเฉลย
650  4 ^aภาษาอังกฤษ^xการสอบ
700 0  ^aMr. Buff & Ms. Aood
945    ^p289^l0^i007084
999    ^aประนอม เกษจรัล
รายการนี้ยังไม่มีแท็ก
คุณยังไม่ได้ล็อกอิน คุณสามารถมีกิจกรรมร่วมกับเว็บไซต์ได้ แต่ต้องล็อกอินก่อน ::
  ล็อกอิน

รายการสื่อสารสนเทศ

ลำดับที่ ประเภท เลขเรียก/บาร์โค้ด สถานที่ สถานะ
1. การศึกษาทั่วไป
หนังสือสำรอง
สถานะ=หนังสือสำรอง
PE1114 ณ339I ฉ.1 
  Barcode: 007084
ห้องสมุดวิทยาเขตสวรรค์ประชารักษ์
►หนังสือทั่วไป
บนชั้น

รายการใกล้เคียง
    ผู้แต่ง [ณัฐพนธ์ เมธาภาคย์]

BibComment


ยังไม่เคยถูกคอมเมนท์

คอมเมนท์ทรัพยากรรายการนี้
  คอมเมนท์: Intensive CUTEP ..


 Copyright 2026. Bcnsprnw @Library